|
|
|
|
| LEADER |
00000naa a2200000uu 4500 |
| 001 |
vtls010956519 |
| 003 |
SK-MaSNL |
| 005 |
20260302130051.0 |
| 008 |
210905|2007 xo |||||||||||||||||slo| |
| 015 |
|
|
|a SNBRA
|
| 035 |
|
|
|a (urnnbn)urn:nbn:sk:snk:ar-a0bo2s
|
| 035 |
|
|
|a (uuid)bb5c4129-df1c-4b60-9c4d-5289fa937a7d
|
| 035 |
|
|
|a urn:nbn:sk:snk-aaufzf
|
| 040 |
|
|
|a SNKBUCL
|b slo
|c SNKBUCL
|e AACR2
|
| 041 |
0 |
|
|a slo
|
| 044 |
|
|
|a xo
|c SK
|
| 100 |
1 |
|
|a Slavkovský, Jozef,
|d 1936-2018
|4 aut
|9 180310
|
| 245 |
1 |
0 |
|a NOVODOBÉ MEDAILY PRIPOMÍNAJÚCE BANÍCKU SLÁVU VÝCHODOSLOVENSKÝCH BANSKÝCH MIEST
|c Jozef Slavkovský
|
| 773 |
0 |
|
|t 520. výročie založenia Zväzu hornouhorských banských miest
|d Rožňava : Gemerský banský spolok Bratstvo, 2007
|g S. 69-74
|z 9788089168255
|
| 958 |
|
|
|a OND
|
| 958 |
|
|
|a article11
|
| 958 |
|
|
|a chapter
|
| 999 |
|
|
|c 1297202
|d 1299132
|